00778nam a2200241 4500003000400000005001700004008004100021020001600062040001800078041000800096050001800104100002900122245013200151264005800283300001800341336002200359337002400381338002400405490001600429500003200445650002800477700003100505OSt20260530115259.0260507b |||||||| |||| 00| 0 eng d a 8425211549 aICIbspacICI aspa aNK1525bM85181 aBruno Munarid1907-1998,10a¿Como nacen los Objetos? Apuntes para una metodología proyectual.cBruno Munari ; vers. castellana de Carmen Artal Rodriguez 1aBarcelona ; |a México, D.F. :bGustavo Gili,cc1983 a385 páginas atexto2rdacontent asin medio2rdamedia avolumen2rdacarrier aGG Diseño a Reimpresiones: (14a, 2011) aDiseñoxMetodología aArtal, Carmen,e traductor